Filosofía de la educación (Registro nro. 6615)

Detalles MARC
000 -CABECERA
Longitud fija campo de control 01114nam a2200265Ia 4500
005 - • FECHA Y HORA DE LA ÚLTIMA TRANSACCIÓN
Fecha y hora de la última transacción 20220317001324.0
008 - • CÓDIGOS DE INFORMACIÓN DE LONGITUD FIJA
Códigos de información de longitud fija 161108s2013 ck g 000 0 spa
020 ## - • NÚMERO INTERNACIONAL NORMALIZADO PARA LIBROS
Número Internacional Normalizado para Libros (ISBN) 9789586652476
082 04 - • NÚMERO DE LA CLASIFICACIÓN DECIMAL DEWEY
Número de clasificación (R) 370.1
Número del ítem H69f
040 ## - FUENTE DE LA CATALOGACIÓN
Centro catalogador de origen CO-BoRNBP
Lengua de catalogación spa
Normas de descripción rda
Centro transcriptor CO-BoRNBP
100 1# - • PUNTO DE ACCESO PRINCIPAL-NOMBRE DE PERSONA
Nombre de persona Hoyos Vásquez, Guillermo
Fechas asociadas al nombre 1935-2013
245 10 - • TITULO PROPIAMENTE DICHO
Título Filosofía de la educación
Resto del título apuntes de su último seminario de doctorado
Mención de responsabilidad, etc. Guillermo Hoyos Vásquez
250 ## - • MENCIÓN DE EDICIÓN
Mención de edición 1a. edición
264 ## - PRODUCCIÓN, PUBLICACIÓN , DISTRIBUCIÓN, FABRICACIÓN Y COPYRIGHT
Lugar de producción, publicación, distribución, fabricación Bogotá
Nombre del productor, editor, distribuidor, fabricante Siglo del Hombre
Fecha de de producción, publicación, distribución, fabricación o copyright 2013
300 ## - • DESCRIPCIÓN FÍSICA
Extensión 271 páginas
Dimensiones 21 cm
336 ## - TIPO DE CONTENIDO
Término de tipo de contenido texto
Código de tipo de contenido txt
Fuente rdacontent
337 ## - TIPO DE MEDIO
Nombre del tipo de medio sin mediación
Código del tipo de medio n
Fuente rdamedia
338 ## - TIPO DE SOPORTE
Nombre del tipo de soporte volumen
Código del tipo de soporte nc
Fuente rdacarrier
490 ## - • MENCIÓN DE SERIE
Mención de serie Biblioteca universitaria
Nombre de la parte/sección (NR) ciencias sociales y humanidades
500 ## - • NOTA GENERAL
Nota general Incluye datos biográficos del autor en la solapa
505 ## - • NOTA DE CONTENIDO CON FORMATO
Nota de contenido con formato Seminario Filosofía de la educación 15-17 de septiembre de 2011 -- Seminario Filosofía de la educación 26-27 de octubre de 2012
650 14 - • PUNTO DE ACCESO ADICIONAL DE MATERIA - TÉRMINO DE MATERIA
Fuente del encabezamiento o término LEMB
Término de materia o nombre geográfico como elemento inicial Filosofía de La educacion
Subdivisión de materia general Congresos, conferencias, etc
650 14 - • PUNTO DE ACCESO ADICIONAL DE MATERIA - TÉRMINO DE MATERIA
Fuente del encabezamiento o término LEMB
Término de materia o nombre geográfico como elemento inicial Educación Superior
Subdivisión de materia general Congresos, conferencias, etc
942 ## - ENTRADA DE ELEMENTOS AGREGADOS (KOHA)
Fuente de clasificaión o esquema Dewey Decimal Classification
Koha [por defecto] tipo de item LIbro

No hay ítems disponibles.










Instituto Departamental de Cultura del Meta - Red Departamental de Bibliotecas Públicas del Meta.